عرض عادي
عرض مارك
- الكهرباء
مدخل مصطلح موضوعي
001 - رقم الضبط
- حقل الضبط: 99536
003 - معرف رقم الضبط
- حقل الضبط: OSt
005 - تاريخ ووقت أخر عملية
- حقل الضبط: 20220831084916.0
008 - عناصر بيانات ثابتة الطول
- حقل تحكم ثابت الطول: 220831|| aca||aabn | a|a d
040 ## - مصدر الفهرسة
- هيئة الفهرسة الأصلية: OSt
- وكالة الكتابة: OSt
150 ## - مدخل-- مصطلح تاريخي
- عنصر مدخل المصطلح الموضوعي او الاسم الجغرافي: الكهرباء
670 ## - بيانات المصدر موجوده
- الاستشهاد بالمصدر: Work cat.: (OSt): بوكروفسكي، أ. 99535, حزمة التعليم والتعلم المتقدمة خبرات الكهرباء الدقيقة /, 2014
